000 00702nam a2200289Ia 4500
005 20260324112911.0
008 008 260324s9999 xx 000 0 eng d
020 _a9781003463474
037 _aEBOOK
040 _aCRL
040 _beng
040 _cCRL
041 _2eng
041 _aeng
084 _qCRL
100 _aAndrew Moffat
_91144602
245 0 _aNo Outsiders: We Belong Here
245 0 _bLesson Plans to Teach Diversity and Equality in Schools
260 _bTaylor and Francis
260 _c2024
365 _a
365 _b230
856 _uhttp://www.taylorfrancis.com/books/9781003463474
942 _cEBOOK
999 _c1733988
_d1733988